| 000 | 00976nam2a22002411 4500 | ||
|---|---|---|---|
| 001 | rc\282488 | ||
| 005 | 20250612171220.0 | ||
| 010 |
_a5-86171-008-2 _910000 |
||
| 035 | _a(NLR Aleph) 008745550 | ||
| 090 |
_a9549500 _c9549500 |
||
| 100 | _a20030307d1994 |||y0rusy50 ca | ||
| 101 | 0 | _arus | |
| 102 | _aRU | ||
| 105 | _ay ||||||||| | ||
| 200 | 0 |
_aЧ. 2 _eМатериалы для учащихся ст. классов |
|
| 210 |
_cТраст-Имаком _d1994 _aБ. м. |
||
| 215 |
_a367 с. _d21 |
||
| 461 | 0 |
_1001rc\282486 _12001#$aРусская литература XX века$eМатериалы для вып. класса$fСост. Меркин Г.С.$vЧ. 2 _99561222 _cСмоленск _d1990- _fСост. Меркин Г.С. _nТПЦ "Трион" _oМатериалы для вып. класса _tРусская литература XX века _vЧ. 2 |
|
| 801 | 0 |
_aRU _bNLR _gpsbo |
|
| 801 | 1 |
_aRU _bELAR _2rusmarc |
|
| 852 |
_aNLR _j94-3/2271 |
||
| 942 | _cBOOK | ||
| 980 | _aNB | ||